Countries With No Reported COVID-19 Cases (2021) - Statistics

General Stats
  • This quiz has been taken 16 times
  • The average score is 9 of 14
Answer Stats
Picture Hint Answer % Correct
Country Nauru
93%
Country North Korea
87%
Country Palau
87%
Country Tonga
87%
U.S. Territory American Samoa
80%
Country Kiribati
80%
Country Federated States of Micronesia
73%
Country Tuvalu
73%
Country Turkmenistan
67%
South Pacific "country" in free association with New Zealand Cook Islands
47%
South Pacific "country" in free association with New Zealand Niue
40%
British Territory Pitcairn Islands
33%
New Zealand Territory Tokelau
33%
British Territory Saint Helena
27%
No matching quizzes found
Score Distribution
Percent of People with Each Score
Percentile by Number Answered
Your Score History
You have not taken this quiz